000
00232 a2200097 4500
001
36560
100
_a
Syed Zamir Jaffri
245
_a
Zamir Hazir Zamir Ghaib
260
_a
Jehlum
_b
Sang-e-Meel Publication
_c
090
_c
23620
_d
23620
942
_a
NUST-CAE
_c
M
_c
15137
999
_c
271633
_d
271633